| 000 | 00638nam a2200253 a 4500 | ||
|---|---|---|---|
| 003 | AR-BaBNM | ||
| 005 | 20251128202722.0 | ||
| 008 | 082120s2002 ||||||||||||||000 | spa|| | ||
| 040 | _cAR-BaBNM | ||
| 100 | 1 | _aMartín, Susana | |
| 245 | 0 | 0 | _aYo quiero ser campeón |
| 260 |
_aBuenos Aires _bEdiciones Orion _c1977 |
||
| 300 | _a151 p. | ||
| 490 | 0 | _aTobogán | |
| 650 | 4 | _aLITERATURA ARGENTINA | |
| 650 | 4 | _aLIBROS PARA NIÑOS | |
| 650 | 4 | _aLITERATURA INFANTIL | |
| 650 | 4 | _aCUENTOS DE AVENTURAS | |
| 650 | 4 | _aCUENTOS DE ANIMALES | |
| 655 | _aLITERATURA | ||
| 800 | 1 |
_aBird, Poldy _edirector |
|
| 942 | _cBK | ||
| 998 | _cMARTIN | ||
| 999 |
_c230 _d230 |
||